000 00780nmm a2200265 a 4500
003 AR-BaBNM
005 20251128203001.0
008 127019s1947 ||||||||||||||000 | spa||
040 _cAR-BaBNM
100 1 _aRebora, Juan Carlos
245 1 0 _aInstituciones de la familia
_bfiliación y acciones, protección : potestad, tutela, curatela, parentesco y relaciones
_n4
260 _aBuenos Aires
_bKraft
_c1947
300 0 _a612 p.
500 0 _aIndice de materias p. 579-594
500 0 _aIndice metódico p. 595-612
650 4 _aDERECHO DE FAMILIA
650 4 _aDERECHOS DEL NINO
650 4 _aADOPCION
650 4 _aTUTELA DE MENORES
650 4 _aHISTORIA DEL DERECHO
650 4 _aLEGISLACION ARGENTINA
653 0 _aFILIACION
942 _cBK
998 _cAndrea
999 _c1374
_d1374